Lettres communes entre début et fin de pays et capitales - Statistiques

Statistiques générales
  • Ce quiz a été pris 49 fois
  • Le résultat moyen est 10 sur 32
Statistiques - réponses
Réponse % Correct
Égypte
67%
Inde
58%
Washington
56%
États-Unis
53%
Dublin
50%
Le Caire
50%
Lettonie
50%
Irlande
47%
Népal
47%
New Delhi
47%
Riga
47%
Katmandou
39%
Kiribati
39%
Somalie
39%
Nicaragua
33%
Sénégal
28%
Managua
25%
Amsterdam
22%
Dakar
22%
Kirghizistan
22%
Mogadiscio
22%
Soudan
22%
Birmanie
19%
Naypyidaw
19%
Pays-Bas
19%
Bichkek
17%
Khartoum
17%
Tarawa-Sud
17%
Banjul
11%
Gambie
11%
Bandar Seri Begawan
6%
Brunei
6%
Aucun quiz correspondant
Distribution des résultats
% des personnes avec chaque résultat
Percentile par nombre de réponses
Votre historique - résultats
Vous n’avez pas pris ce quiz